[Event "Golden Cleopatra Open"]
[Site "Cairo EGY"]
[Date "2001.05.03"]
[Round "2"]
[White "El Ghazali,Y"]
[Black "Frhat,A"]
[Result "1-0"]
[WhiteElo "2343"]
[BlackElo "2306"]
[EventDate "2001.05.02"]

1. c4 Nf6 2. Nc3 c6 3. e4 d6 4. d4 g6 5. Nf3 Bg7 6. Be2 O-O 7. O-O Nbd7 8.
Ne1 e5 9. Be3 exd4 10. Bxd4 Re8 11. f3 Nf8 12. Nc2 Qc7 13. Qd2 b5 14. Rad1
Rd8 15. Bf2 Bb7 16. Bg3 Qc8 17. Ne3 Ne6 18. f4 Nc5 19. Bf3 a5 20. f5 Ba6
21. Bh4 Re8 22. Bxf6 Bxf6 23. Ng4 Bg7 24. f6 Bf8 25. Nh6+ Bxh6 26. Qxh6 Ne6
27. Bg4 Ra7 28. Bxe6 fxe6 29. f7+ Rxf7 30. Rxf7 Kxf7 31. Qxh7+ 1-0

[Event "Golden Cleopatra Open"]
[Site "Cairo EGY"]
[Date "2001.05.03"]
[Round "2"]
[White "Omearat,A"]
[Black "Ezat,M"]
[Result "1-0"]
[WhiteElo "2226"]
[BlackElo "2332"]
[EventDate "2001.05.02"]

1. d4 Nf6 2. c4 g6 3. Nc3 Bg7 4. e4 d6 5. f3 O-O 6. Be3 Nc6 7. Qd2 a6 8.
Nge2 Rb8 9. Nc1 e5 10. d5 Nd4 11. N1e2 c5 12. dxc6 bxc6 13. Nxd4 exd4 14.
Bxd4 Re8 15. Be2 d5 16. cxd5 cxd5 17. e5 Nd7 18. f4 f6 19. exf6 Bxf6 20.
O-O Rxb2 21. Bxf6 Rxd2 22. Bxd8 Rxd8 23. Rf2 Nf6 24. Rc1 Kf8 25. Bf3 Rd4
26. Rb2 Rc4 27. Rd2 Be6 28. Re1 Bf7 29. Ne2 Re8 30. Red1 Ne4 31. Rb2 Rec8
32. Bxe4 dxe4 33. Kf2 Rc2 34. Rd2 Rxd2 35. Rxd2 Bc4 36. Rc2 Ke7 37. Ke3 Kd7
38. Ng3 Bd5 39. Rxc8 Kxc8 40. a3 Kc7 41. Nxe4 Kc6 42. Kd4 h6 43. Ke5 a5 44.
g4 Bb3 45. Kd4 Be6 46. h3 Kb5 47. f5 gxf5 48. gxf5 Bg8 49. Nc3+ Kc6 50. h4
Kd6 51. Ne4+ Kc6 52. f6 Kb5 53. Nd6+ Ka4 54. f7 Bxf7 55. Nxf7 h5 56. Nd6
Kxa3 57. Kc3 a4 58. Nc4+ Ka2 59. Nb6 1-0

[Event "Golden Cleopatra Open"]
[Site "Cairo EGY"]
[Date "2001.05.04"]
[Round "3"]
[White "Sulava,N"]
[Black "Mirzoev,A"]
[Result "1-0"]
[WhiteElo "2526"]
[BlackElo "2488"]
[EventDate "2001.05.02"]

1. d4 d5 2. Nf3 Nf6 3. c4 c6 4. Nc3 dxc4 5. a4 Bf5 6. e3 Bd3 7. Bxd3 cxd3
8. e4 e6 9. Bg5 h6 10. Bxf6 Qxf6 11. O-O Qd8 12. d5 exd5 13. exd5 Be7 14.
Qxd3 O-O 15. Rad1 Bb4 16. Nd4 a5 17. Nf5 Qf6 18. d6 Nd7 19. Qh3 Nc5 20.
Rfe1 Rfe8 21. Re7 Rxe7 22. dxe7 Re8 23. Qg4 Ne6 24. Rd7 Kh7 25. Ne4 Qe5 26.
g3 Nc5 27. Rd8 Rxe7 28. Ng5+ 1-0

[Event "Golden Cleopatra Open"]
[Site "Cairo EGY"]
[Date "2001.05.04"]
[Round "3"]
[White "Barsov,A"]
[Black "Kasparov,S"]
[Result "1-0"]
[WhiteElo "2519"]
[BlackElo "2456"]
[EventDate "2001.05.02"]

1. d4 Nf6 2. c4 c5 3. d5 b5 4. cxb5 a6 5. bxa6 g6 6. Nc3 Bxa6 7. g3 d6 8.
Bg2 Bg7 9. Nf3 Nbd7 10. Rb1 Qa5 11. O-O O-O 12. Bd2 Rfb8 13. Qc2 Qc7 14. b3
Nb6 15. Ng5 Bb7 16. e4 Ba6 17. Rfd1 Ng4 18. Nf3 Nd7 19. Be1 Nge5 20. a4 Rb7
21. h3 Rab8 22. Nxe5 Nxe5 23. f4 Nd7 24. Kh2 Rc8 25. e5 dxe5 26. d6 exd6
27. Ne4 Rb6 28. Ba5 exf4 29. Rxd6 fxg3+ 30. Kh1 Qxd6 31. Nxd6 Rxd6 32. Rd1
Rxd1+ 33. Qxd1 Ne5 34. Qd6 Be2 35. Bc3 Nc6 36. Bxg7 Rd8 37. Qxg3 Nd4 38.
Bf6 Nf5 39. Qe5 1-0

[Event "Golden Cleopatra Open"]
[Site "Cairo EGY"]
[Date "2001.05.04"]
[Round "3"]
[White "Velicka,P"]
[Black "Fominyh,A"]
[Result "1-0"]
[WhiteElo "2451"]
[BlackElo "2571"]
[EventDate "2001.05.02"]

1. e4 c5 2. Nf3 e6 3. b3 b6 4. d4 cxd4 5. Nxd4 a6 6. Bd3 Bc5 7. Be3 Ne7 8.
O-O O-O 9. Nd2 Qc7 10. f4 Nbc6 11. N2f3 f6 12. c3 Ng6 13. Qd2 Bb7 14. Nxc6
Qxc6 15. Nd4 Qc7 16. Kh1 Kh8 17. Rad1 Rae8 18. Ne2 Ne7 19. Bb1 Rd8 20. Bxc5
Qxc5 21. Qd6 Qxd6 22. Rxd6 Nc8 23. Rd2 Kg8 24. Rfd1 d6 25. Kg1 Kf7 26. e5
Ke7 27. Bxh7 f5 28. Bg6 Rh8 29. Ng3 b5 30. Bxf5 exf5 31. Nxf5+ Kf7 32.
Nxd6+ Nxd6 33. Rxd6 Rxd6 34. Rxd6 Be4 35. Rxa6 Rc8 36. g4 Rxc3 37. f5 Rc2
38. Ra7+ Kf8 39. h3 Rg2+ 40. Kf1 Rh2 41. e6 Rxh3 42. Rf7+ Kg8 43. Rc7 Kf8
44. Rc8+ Ke7 45. Rg8 Rh7 46. Kf2 Bb1 47. a4 bxa4 48. bxa4 Ba2 49. a5 Bc4
50. Kg3 g5 51. Rc8 Bxe6 52. fxe6 Kxe6 53. Rc6+ Ke5 54. Rg6 Rh1 55. Rxg5+
Kf6 56. Rb5 Rg1+ 57. Kf4 1-0

[Event "Golden Cleopatra Open"]
[Site "Cairo EGY"]
[Date "2001.05.04"]
[Round "3"]
[White "Rausis,I"]
[Black "Sarwat,W"]
[Result "1-0"]
[WhiteElo "2500"]
[BlackElo "2356"]
[EventDate "2001.05.02"]

1. e4 e5 2. Nf3 Nc6 3. Bb5 a6 4. Bxc6 dxc6 5. O-O f6 6. d4 exd4 7. Nxd4 c5
8. Ne2 Qxd1 9. Rxd1 Bd7 10. Be3 O-O-O 11. Nbc3 Re8 12. Rd2 b5 13. Rad1 Bc6
14. f3 c4 15. Nd4 Bc5 16. Nf5 Bxe3+ 17. Nxe3 Ne7 18. Ncd5 Bb7 19. Nxe7+
Rxe7 20. g4 g6 21. Kf2 h5 22. gxh5 Bxe4 23. fxe4 Rxh5 24. Rd8+ Kb7 25. R1d7
Rxh2+ 26. Kg3 Rxd7 27. Rxd7 Re2 28. Kf3 Rh2 29. Nd5 Kc6 30. Rxc7+ Kd6 31.
Ra7 Rxc2 32. Rxa6+ Kc5 33. Nxf6 Rxb2 34. e5 c3 35. Ne4+ Kd5 36. e6 Rb4 37.
Nxc3+ 1-0

[Event "Golden Cleopatra Open"]
[Site "Cairo EGY"]
[Date "2001.05.04"]
[Round "3"]
[White "Marin,M"]
[Black "El Ghazali,Y"]
[Result "1-0"]
[WhiteElo "2601"]
[BlackElo "2343"]
[EventDate "2001.05.02"]

1. c4 c5 2. Nf3 Nc6 3. d4 cxd4 4. Nxd4 g6 5. e4 Bg7 6. Be3 Nf6 7. Nc3 Ng4
8. Qxg4 Nxd4 9. Qd1 Ne6 10. Rc1 d6 11. Be2 O-O 12. O-O a5 13. b3 Nc5 14. f3
Be6 15. Qd2 f5 16. exf5 Rxf5 17. Rfe1 Kh8 18. Bd1 Bd7 19. Bc2 Rf7 20. Rcd1
b6 21. Rb1 Bc6 22. a3 Rb8 23. Rbd1 Qf8 24. Ne2 Ne6 25. b4 axb4 26. axb4 b5
27. Bb3 bxc4 28. Bxc4 d5 29. Bxd5 Bxd5 30. Qxd5 Nc7 31. Qc4 Nb5 32. Bc5 Nd6
33. Qd3 Nf5 34. Nf4 Qc8 35. Ne6 Rf6 36. Nxg7 Kxg7 37. Bxe7 Re6 38. Bc5 Rb7
39. Qc3+ Kh6 40. Be3+ Rxe3 41. Qxc8 1-0

[Event "Golden Cleopatra Open"]
[Site "Cairo EGY"]
[Date "2001.05.04"]
[Round "3"]
[White "Mahdi,K"]
[Black "Surjadnji,A"]
[Result "1/2-1/2"]
[WhiteElo "2354"]
[BlackElo "2431"]
[EventDate "2001.05.02"]

1. e4 c5 2. Nf3 e6 3. c3 d5 4. e5 Qb6 5. Be2 Nc6 6. O-O Nge7 7. Na3 Bd7 8.
d4 cxd4 9. cxd4 Nf5 10. Nc2 h5 11. b3 Rc8 12. Bb2 Nb4 13. Ne3 Nxe3 14. fxe3
Be7 15. Ne1 Bb5 16. Ba3 Bxe2 17. Qxe2 Qa6 18. Qxa6 Nxa6 19. Bxe7 Kxe7 20.
Nd3 Rc3 21. Rad1 Rhc8 22. Rf3 R8c7 23. h4 Ke8 24. Rd2 Nb8 25. Nf4 g6 26.
Rdf2 Nc6 27. Nh3 Rc1+ 28. Kh2 Nd8 29. Ng5 Re1 30. Kg3 a6 31. Kh2 Kf8 32.
Kg3 Kg8 33. Kh2 Kg7 34. Kg3 a5 35. Kh2 Kg8 36. Kg3 Kg7 37. Kh2 Rd1 38. Kg3
Kf8 39. Nh7+ Ke7 40. Ng5 Ke8 41. Kh2 Re1 42. Kg3 b5 43. Kh2 Kf8 44. Kg3 Kg7
45. Kh2 Rd1 46. Kg3 Rd3 47. Kh2 Kg8 48. Kg3 Rdc3 49. Kf4 Rc2 50. Kg3 Rxf2
51. Rxf2 Rc3 52. Kf4 Nc6 53. g4 hxg4 54. Kxg4 Rxe3 55. Rxf7 Rd3 56. Rf6
Rxd4+ 57. Kg3 Rd3+ 58. Kf4 Rd4+ 59. Kg3 Rd3+ 60. Kf4 Rd4+ 1/2-1/2

[Event "Golden Cleopatra Open"]
[Site "Cairo EGY"]
[Date "2001.05.04"]
[Round "3"]
[White "Himdan,M"]
[Black "Bakre,T"]
[Result "0-1"]
[WhiteElo "2348"]
[BlackElo "2419"]
[EventDate "2001.05.02"]

1. e4 c5 2. Nf3 d6 3. d4 cxd4 4. Nxd4 Nf6 5. Nc3 Nc6 6. Bc4 Qb6 7. Nb3 e6
8. O-O Be7 9. a4 Qc7 10. a5 O-O 11. Be2 Rd8 12. f4 Nb4 13. Be3 e5 14. Qc1
d5 15. fxe5 Nxe4 16. Bd4 Bg5 17. Qd1 Nc6 18. Kh1 Nxe5 19. Nb5 Qb8 20. Bg1
Nc6 21. Bg4 a6 22. N5d4 g6 23. c3 Ne5 24. Be2 Qd6 25. Nf3 Bf4 26. Nxe5 Bxe5
27. Nd4 Qe7 28. Qe1 Bc7 29. Bd3 Re8 30. Bxe4 dxe4 31. Be3 Be6 32. Nxe6 Qxe6
33. Qh4 f5 34. Bf4 Bxf4 35. Qxf4 Rad8 36. Rad1 Rd5 37. Qc7 e3 38. Rde1 e2
0-1

[Event "Golden Cleopatra Open"]
[Site "Cairo EGY"]
[Date "2001.05.04"]
[Round "3"]
[White "Hatem,I"]
[Black "Hamed,Ah"]
[Result "1-0"]
[WhiteElo "2393"]
[BlackElo "2331"]
[EventDate "2001.05.02"]

1. e4 d6 2. d4 Nf6 3. Bd3 g6 4. f3 Nc6 5. c3 e5 6. d5 Ne7 7. Be3 Nh5 8. Ne2
f5 9. c4 Bg7 10. Nbc3 O-O 11. Qd2 c5 12. O-O-O a6 13. Kb1 Bd7 14. h3 f4 15.
Bf2 Qa5 16. a3 b5 17. Na2 Qc7 18. Rc1 Rfb8 19. Rc2 Qb6 20. Rhc1 Qb7 21. Qa5
Bf6 22. Qe1 Nc8 23. Ka1 bxc4 24. Bxc4 Nb6 25. Rb1 Ba4 26. Rcc1 Bb5 27. Bb3
Qd7 28. Nec3 Rb7 29. Bd1 Rab8 30. Be2 Ng7 31. Qf1 Na8 32. b4 cxb4 33. Nxb5
axb5 34. Nxb4 Nc7 35. Rc6 Ra8 36. Kb2 Nf5 37. exf5 e4+ 38. Kb3 e3 39. Be1
Nxd5 40. Nxd5 Rxa3+ 41. Kxa3 Qxc6 42. Nxf6+ Kg7 43. Kb3 Qa6 44. Nd5 1-0

[Event "Golden Cleopatra Open"]
[Site "Cairo EGY"]
[Date "2001.05.04"]
[Round "3"]
[White "Abou el Zein,E"]
[Black "Radulov,I"]
[Result "0-1"]
[WhiteElo "2330"]
[BlackElo "2390"]
[EventDate "2001.05.02"]

1. d4 d6 2. Nf3 Bg4 3. Nbd2 c6 4. h3 Bh5 5. g4 Bg6 6. Nh4 e5 7. Nxg6 hxg6
8. c3 Nd7 9. Bg2 Ngf6 10. Qb3 Qc7 11. e4 Be7 12. Nc4 O-O 13. O-O exd4 14.
cxd4 Nxe4 15. Bf4 Ng5 16. Rfe1 Ne6 17. Bg3 b5 18. Nd2 Nxd4 19. Qd3 Ne6 20.
Rac1 Ndc5 21. Qe3 Bg5 22. f4 Bf6 23. Nf3 Rfe8 24. b4 Nf8 25. Qxe8 Rxe8 26.
Rxe8 Nce6 27. f5 gxf5 28. gxf5 Qd7 29. Ra8 Nd8 30. Bf2 Qxf5 31. Bxa7 Kh7
32. Be3 Ng6 33. Nd2 Qd3 34. Nf1 Ne6 35. Bxc6 Nd4 0-1

[Event "Golden Cleopatra Open"]
[Site "Cairo EGY"]
[Date "2001.05.04"]
[Round "3"]
[White "El Arousy,A"]
[Black "Adly,A"]
[Result "1/2-1/2"]
[WhiteElo "2370"]
[BlackElo "2209"]
[EventDate "2001.05.02"]

1. b3 b6 2. Bb2 Bb7 3. e3 e6 4. Nf3 Nf6 5. Be2 d5 6. O-O Nbd7 7. d4 Bd6 8.
Nbd2 O-O 9. c4 Ne4 10. Qc2 f5 11. Ne5 Nxe5 12. dxe5 Bc5 13. Rad1 Qe7 14.
Qc1 Ng5 15. Nb1 dxc4 16. Qxc4 Nh3+ 17. Kh1 Rad8 18. Nc3 Rxd1 19. Bxd1 Rd8
20. f3 Rd2 21. Bc1 Bd5 22. Qa6 Nf2+ 23. Kg1 Nh3+ 24. Kh1 Nf2+ 25. Kg1 Nh3+
26. Kh1 Nf2+ 1/2-1/2

[Event "Golden Cleopatra Open"]
[Site "Cairo EGY"]
[Date "2001.05.04"]
[Round "3"]
[White "Amin,B"]
[Black "Abdel Razik,K"]
[Result "0-1"]
[WhiteElo "2133"]
[BlackElo "2365"]
[EventDate "2001.05.02"]

1. e4 e6 2. d3 d5 3. Nd2 c5 4. Ngf3 Nc6 5. g3 Bd6 6. Bg2 Nge7 7. O-O O-O 8.
Re1 f6 9. exd5 exd5 10. d4 c4 11. c3 Bg4 12. Nf1 Qd7 13. Ne3 Be6 14. Nh4 g5
15. Nf3 Ng6 16. Nxc4 Bxg3 17. hxg3 dxc4 18. d5 Rad8 19. Rxe6 Qxe6 20. Nd4
Rxd5 21. Be3 Nxd4 22. Bxd5 Qxd5 23. Qxd4 Qxd4 24. Bxd4 a6 25. b3 cxb3 26.
axb3 Kf7 27. Ra5 Ne7 28. Kf1 Nc6 29. Ra2 Rd8 30. Be3 h5 31. Ke2 Ke6 32. b4
Kd5 33. Rd2+ Kc4 34. Rxd8 Nxd8 35. Bd4 f5 36. Bf6 Ne6 37. Kd2 b6 38. Kc2 g4
0-1

[Event "Golden Cleopatra Open"]
[Site "Cairo EGY"]
[Date "2001.05.04"]
[Round "3"]
[White "Hassan,Say"]
[Black "Rahman,Ye"]
[Result "0-1"]
[WhiteElo "2363"]
[BlackElo "2267"]
[EventDate "2001.05.02"]

1. e4 e5 2. Nf3 Nf6 3. d4 Nxe4 4. Bd3 d5 5. Nxe5 Nd7 6. O-O Nxe5 7. dxe5
Bd7 8. Bxe4 dxe4 9. Nc3 Bc6 10. Qe2 Bc5 11. Bf4 O-O 12. Rad1 Qe7 13. Nxe4
Bb6 14. Rfe1 Kh8 15. a3 Rae8 16. c4 a5 17. Nc3 Qe6 18. b4 axb4 19. axb4 f6
20. c5 fxe5 21. Bg3 Ba7 22. Bxe5 Qg6 23. Nd5 Qf7 24. Nf4 Bb8 25. b5 Bxb5
26. Qg4 Ba7 27. Nh5 Rxe5 0-1

[Event "Golden Cleopatra Open"]
[Site "Cairo EGY"]
[Date "2001.05.04"]
[Round "3"]
[White "Chahrani,I"]
[Black "Afifi,As"]
[Result "1-0"]
[WhiteElo "2358"]
[BlackElo "2326"]
[EventDate "2001.05.02"]

1. e4 c5 2. Nf3 e6 3. d4 cxd4 4. Nxd4 a6 5. Bd3 Nc6 6. Be3 Nf6 7. O-O Qc7
8. Nc3 Ne5 9. h3 b5 10. f4 Nc4 11. Bxc4 Qxc4 12. e5 Nd5 13. Nxd5 Qxd5 14.
Nb3 Bb7 15. Qe2 Qc4 16. Qf2 Bd5 17. Rad1 Be7 18. Rd4 Qc7 19. Rd2 O-O 20.
Bb6 Qc4 21. Bc5 Bxc5 22. Nxc5 Rad8 23. b3 Qc3 24. Qd4 Qa5 25. f5 Qb6 26.
Nxe6 Qxd4+ 27. Nxd4 Rfe8 28. Nxb5 Rxe5 29. Nd4 Be4 30. Re1 Rde8 31. Rde2 f6
32. g4 Kf7 33. Kf2 Bb7 34. c4 d6 35. Ne6 h5 36. Rxe5 fxe5 37. Rd1 hxg4 38.
hxg4 Ke7 39. Nxg7 Rg8 40. g5 1-0

[Event "Golden Cleopatra Open"]
[Site "Cairo EGY"]
[Date "2001.05.04"]
[Round "3"]
[White "Yousry,S"]
[Black "Tissir,M"]
[Result "1/2-1/2"]
[WhiteElo "2274"]
[BlackElo "2352"]
[EventDate "2001.05.02"]

1. e4 e5 2. d4 Nc6 3. dxe5 Nxe5 4. Nf3 Qf6 5. Be2 Bc5 6. O-O Ne7 7. Nc3 O-O
8. Nxe5 Qxe5 9. Kh1 d6 10. f4 Qf6 11. Nd5 Nxd5 12. Qxd5 c6 13. Qh5 Qg6 14.
Qh4 f5 15. e5 Be6 16. Rf3 dxe5 17. Rg3 Qf6 18. Qxf6 Rxf6 19. fxe5 Rf7 20.
Bf4 Rd8 21. Bd3 Bb6 22. a3 Bd4 23. Rb1 g6 24. b3 Rdd7 25. h4 Bf2 26. Rh3
Rd4 27. Bg5 f4 28. Rf3 Be3 29. Bf6 Rfd7 30. Rff1 Rf7 31. Kh2 a6 32. Rfd1
Rfd7 33. Rf1 Rf7 34. Rfd1 Bf2 35. Bc4 Bxc4 36. Rxd4 Bxd4 37. bxc4 c5 38.
Rd1 Rc7 39. Rd3 Kf7 40. c3 Be3 41. g4 fxg3+ 42. Kxg3 Bh6 43. Kf3 Ke6 44.
Ke4 Rd7 45. Rxd7 Kxd7 46. Kd5 Bf8 47. e6+ Ke8 48. Bg5 h6 49. Be3 Be7 50.
Bxh6 Bxh4 51. Kxc5 Be7+ 52. Kb6 Bxa3 53. Kxb7 a5 54. Kb6 Bb2 55. Kxa5 Bxc3+
56. Kb5 Ke7 57. Bf4 1/2-1/2

[Event "Golden Cleopatra Open"]
[Site "Cairo EGY"]
[Date "2001.05.04"]
[Round "3"]
[White "Ezat,M"]
[Black "Abdel Aziem,R"]
[Result "1-0"]
[WhiteElo "2332"]
[BlackElo "2269"]
[EventDate "2001.05.02"]

1. d4 Nf6 2. c4 g6 3. Nc3 Bg7 4. e4 d6 5. Be2 O-O 6. Bg5 h6 7. Be3 e5 8. d5
Nbd7 9. g4 Ne8 10. h4 a5 11. Qd2 Kh7 12. Nh3 Nc5 13. h5 g5 14. f3 f6 15. b3
Rf7 16. Nf2 Bf8 17. Kf1 Bd7 18. Kg2 c6 19. Rhc1 Nc7 20. Qc2 cxd5 21. cxd5
b5 22. Nd3 Nxd3 23. Bxd3 b4 24. Na4 Bxa4 25. bxa4 Na6 26. Bxa6 Rxa6 27. Qc8
Ra8 28. Qxd8 Rxd8 29. Bb6 Ra8 30. Rc6 Kg8 31. Rac1 Rd7 32. Kf2 Kf7 33. Rc8
Ra6 34. Rb8 Be7 35. Rcc8 Kg7 36. Ke2 Kf7 37. Kd3 f5 38. Kc4 fxg4 39. fxg4
Bf6 40. Kb5 Rxb6+ 41. Kxb6 1-0

[Event "Golden Cleopatra Open"]
[Site "Cairo EGY"]
[Date "2001.05.04"]
[Round "3"]
[White "Elgabry,M"]
[Black "Sameeh,H"]
[Result "1-0"]
[WhiteElo "2328"]
[BlackElo "2313"]
[EventDate "2001.05.02"]

1. e4 c5 2. Nf3 d6 3. d4 cxd4 4. Nxd4 Nf6 5. Nc3 Nc6 6. Nb3 g6 7. Be2 Bg7
8. Be3 O-O 9. g4 Be6 10. g5 Nd7 11. h4 Nb6 12. h5 Nc4 13. Bxc4 Bxc4 14. f4
b5 15. Qd2 b4 16. Nd5 Bxd5 17. exd5 Na5 18. Qh2 Nxb3 19. axb3 Re8 20. hxg6
hxg6 21. O-O-O e5 22. f5 gxf5 23. Qh7+ Kf8 24. Qxf5 Qc8 25. Qe4 a5 26. Rdf1
Ke7 27. Qf3 Qd7 28. Rh7 Kf8 29. Rxg7 1-0

[Event "Golden Cleopatra Open"]
[Site "Cairo EGY"]
[Date "2001.05.04"]
[Round "3"]
[White "Frhat,A"]
[Black "Georg,Ma"]
[Result "1/2-1/2"]
[WhiteElo "2306"]
[BlackElo "2277"]
[EventDate "2001.05.02"]

1. e4 d6 2. d4 g6 3. Nc3 c6 4. Be3 Bg7 5. Qd2 a6 6. O-O-O b5 7. Kb1 Nd7 8.
f4 Nb6 9. e5 d5 10. Bd3 h5 11. Nf3 Bg4 12. Rdf1 Bxf3 13. Rxf3 e6 14. g3 Ne7
15. h3 Rb8 16. Rg1 b4 17. Nd1 Na4 18. b3 c5 19. dxc5 Nc3+ 20. Nxc3 bxc3 21.
Qxc3 Nc6 22. Bc1 Qc7 23. Bb2 Qb7 24. Rf2 Bf8 25. g4 hxg4 26. hxg4 Qb4 27.
Rff1 Bxc5 28. Rh1 Kd7 29. Qxb4 Nxb4 30. Be2 a5 31. a4 Nc6 32. Bb5 Kc7 33.
Bxc6 Kxc6 34. Bc3 Bb6 35. f5 gxf5 36. gxf5 d4 37. Bd2 Kd5 38. fxe6 fxe6 39.
Rxh8 Rxh8 40. Rf7 Rh1+ 41. Kb2 Rh2 42. Kc1 Rh1+ 43. Kb2 Rh2 44. Kc1 Rh1+
45. Kb2 1/2-1/2

[Event "Golden Cleopatra Open"]
[Site "Cairo EGY"]
[Date "2001.05.05"]
[Round "4"]
[White "Sermek,D"]
[Black "Sulava,N"]
[Result "1/2-1/2"]
[WhiteElo "2525"]
[BlackElo "2526"]
[EventDate "2001.05.02"]

1. e4 e6 2. d4 d5 3. Nd2 dxe4 4. Nxe4 Nd7 5. g3 Ngf6 6. Bg2 c5 7. dxc5 Nxe4
8. Bxe4 Bxc5 9. Ne2 O-O 10. O-O Nf6 11. Qxd8 Rxd8 12. Bg5 Bd7 1/2-1/2

[Event "Golden Cleopatra Open"]
[Site "Cairo EGY"]
[Date "2001.05.05"]
[Round "4"]
[White "Komarov,D"]
[Black "Velicka,P"]
[Result "1/2-1/2"]
[WhiteElo "2539"]
[BlackElo "2451"]
[EventDate "2001.05.02"]

1. d4 d5 2. c4 c6 3. Nc3 Nf6 4. e3 a6 5. Qc2 dxc4 6. Bxc4 b5 7. Be2 e6 8.
a3 Bb7 9. Nf3 Nbd7 10. b4 a5 11. Rb1 axb4 12. axb4 Bd6 13. O-O Qe7 14. e4
Bxb4 15. e5 Nd5 16. Bg5 Bxc3 17. Bxe7 Kxe7 18. Rfd1 h6 19. Ne1 b4 20. Nd3
Rhb8 21. Bf3 Ba6 22. Nc1 Bb5 23. Qh7 Rh8 24. Qe4 Ba4 25. Nb3 Bxb3 26. Rxb3
c5 27. Qe2 Bxd4 28. Bxd5 exd5 29. Rg3 g5 30. h4 gxh4 31. Rg7 Rag8 32. Qg4
Rxg7 33. Qxg7 Rb8 34. Qxh6 b3 35. Qxh4+ Ke8 36. Qh5 Rb6 37. Re1 Ke7 38.
Qg5+ Ke8 39. Qh5 Ke7 40. Qg5+ Ke8 41. Qh5 1/2-1/2

[Event "Golden Cleopatra Open"]
[Site "Cairo EGY"]
[Date "2001.05.05"]
[Round "4"]
[White "Bakre,T"]
[Black "Marin,M"]
[Result "1/2-1/2"]
[WhiteElo "2419"]
[BlackElo "2601"]
[EventDate "2001.05.02"]

1. e4 e5 2. Nf3 Nc6 3. Bb5 a6 4. Bxc6 dxc6 5. O-O f6 6. d4 Bg4 7. dxe5 Qxd1
8. Rxd1 fxe5 9. Rd3 Bd6 10. Nbd2 b5 11. b3 Ne7 12. Bb2 Ng6 13. g3 O-O 14.
Kg2 Rf6 15. h3 Bh5 16. Nh2 Raf8 17. f3 c5 18. Ng4 Re6 19. a4 Ne7 20. axb5
axb5 21. Ra6 Be8 22. Ne3 Rh6 23. c4 Bd7 24. Ng4 Re6 25. Bxe5 Bc8 26. Bxd6
Bxa6 27. Bxc5 bxc4 28. bxc4 Rb8 29. Rd7 Nc6 30. Rxc7 Rb2 31. Be3 Rd6 32.
Nf2 Ne5 33. Rc5 Nd3 34. Rd5 Rxd5 35. cxd5 Ne1+ 36. Kh1 Be2 37. f4 Nf3 38.
Nxf3 Bxf3+ 39. Kg1 Rb1+ 40. Kh2 Bxe4 41. Nxe4 Re1 42. Bc5 1/2-1/2

[Event "Golden Cleopatra Open"]
[Site "Cairo EGY"]
[Date "2001.05.05"]
[Round "4"]
[White "Mirzoev,A"]
[Black "Hatem,I"]
[Result "1-0"]
[WhiteElo "2488"]
[BlackElo "2393"]
[EventDate "2001.05.02"]

1. d4 Nf6 2. Nf3 c5 3. c4 cxd4 4. Nxd4 e6 5. Nc3 Bb4 6. Bd2 O-O 7. a3 Be7
8. Bg5 h6 9. Bh4 Nc6 10. e3 d5 11. cxd5 Nxd5 12. Nxc6 bxc6 13. Bxe7 Qxe7
14. Qc2 Qg5 15. Ne4 Qg6 16. Rc1 Rb8 17. g3 f5 18. Nd2 Qf6 19. b3 f4 20.
exf4 e5 21. Bg2 exf4 22. O-O Rb6 23. b4 Bg4 24. Qc5 f3 25. Bh1 Qg6 26. h4
Rf6 27. Rfe1 Rb7 28. Kh2 Kh7 29. Nc4 Qh5 30. Ne5 g5 31. Rc4 Bd7 32. Rd4 Be8
33. Qc2+ Kh8 34. Bxf3 Rxf3 35. Nxf3 Nf6 36. Qc3 Bg6 37. Rd6 1-0

[Event "Golden Cleopatra Open"]
[Site "Cairo EGY"]
[Date "2001.05.05"]
[Round "4"]
[White "Kasparov,S"]
[Black "Abdel Razik,K"]
[Result "1-0"]
[WhiteElo "2456"]
[BlackElo "2365"]
[EventDate "2001.05.02"]

1. e4 e6 2. d4 d5 3. Nd2 Ne7 4. Ngf3 Nd7 5. Bd3 g6 6. O-O Bg7 7. c3 c5 8.
exd5 exd5 9. dxc5 Nxc5 10. Bb5+ Bd7 11. Bxd7+ Qxd7 12. Nb3 Ne6 13. Be3 O-O
14. Qd2 Rfd8 15. Nc5 Nxc5 16. Bxc5 Nc6 17. Rfd1 Qf5 18. Nd4 Qc8 19. Nf3 Ne5
20. Nxe5 Qxc5 21. Nf3 a5 22. h3 b5 23. a3 Rab8 24. Rac1 Qb6 25. Nd4 Re8 26.
Nc2 Rbd8 27. Re1 Re6 28. Rcd1 Red6 29. Nd4 Rb8 30. Nc2 Rbd8 31. Qf4 d4 32.
Nxd4 b4 33. axb4 axb4 34. Re7 Bf6 35. Re4 bxc3 36. bxc3 Kg7 37. g3 Qa5 38.
Rd3 Qa1+ 39. Kg2 Qa8 40. Rf3 Qa6 41. g4 R8d7 42. g5 Bxd4 43. Rxd4 Rxd4 44.
cxd4 Qb7 45. Kg3 Rd5 46. h4 Rf5 47. Qe3 Qc7+ 48. Kh3 Rd5 49. Rf4 Rb5 50.
Kg2 Qc4 51. Qe4 Qc1 52. d5 Rxd5 53. Rxf7+ Kxf7 54. Qxd5+ Kg7 55. Qd7+ Kg8
56. Qd8+ Kg7 57. Qd7+ Kg8 58. h5 gxh5 59. Qe6+ Kg7 60. Qh6+ Kg8 61. Qxh5
Qf4 62. f3 Qc4 63. Qe8+ Kg7 64. Qe5+ Kg8 65. Kg3 Qc1 66. Kg4 Qc4+ 67. Qe4
Qc8+ 68. Qf5 Qc4+ 69. Kg3 Qc1 70. Qd5+ Kg7 71. Kg4 Qc2 72. Kf4 Qh2+ 73. Kf5
Qh3+ 74. Ke4 Qg2 75. Qe5+ Kg8 76. Qe6+ Kg7 77. Qd7+ Kg8 78. Qd8+ Kg7 79.
Qd5 Qe2+ 80. Kf5 Qc2+ 81. Qe4 Qc8+ 82. Kf4 Qc1+ 83. Kg4 Qc8+ 84. Kh4 Qc1
85. f4 Qg1 86. Qb7+ Kg8 87. Qd5+ Kg7 88. Qf3 Qh2+ 89. Kg4 Qg1+ 90. Kh3 Qc1
91. Kh4 Qe1+ 92. Kh5 Qe8+ 93. Kg4 Qa4 94. Kh3 Qc2 95. f5 Qd2 96. Qb7+ Kg8
97. Qc8+ Kf7 98. Qc4+ Kf8 99. Qc5+ Kf7 100. Qc7+ Kg8 101. Qe7 Qd3+ 102. Kg4
Qd1+ 103. Kf4 Qd4+ 104. Qe4 Qf2+ 105. Ke5 Qg3+ 106. Kf6 Qb8 107. Qe7 Qb2+
108. Qe5 Qxe5+ 109. Kxe5 Kf7 110. Kd6 Kf8 111. Ke6 1-0

[Event "Golden Cleopatra Open"]
[Site "Cairo EGY"]
[Date "2001.05.05"]
[Round "4"]
[White "Rahman,Ye"]
[Black "Medvegy,Z"]
[Result "0-1"]
[WhiteElo "2267"]
[BlackElo "2444"]
[EventDate "2001.05.02"]

1. d4 Nf6 2. c4 e6 3. Nc3 Bb4 4. Qc2 O-O 5. a3 Bxc3+ 6. Qxc3 b6 7. Bg5 Ba6
8. Nf3 d6 9. Nd2 Nbd7 10. e3 h6 11. Bh4 Bc8 12. b4 c5 13. dxc5 bxc5 14. b5
Bb7 15. f3 d5 16. Qc2 d4 17. e4 Ne5 18. Bd3 Ng6 19. Bxf6 Qxf6 20. g3 e5 21.
h4 Ne7 22. O-O-O a6 23. a4 Qb6 24. Nb3 axb5 25. axb5 f5 26. Rdf1 Qg6 27.
Rhg1 fxe4 28. Bxe4 Bxe4 29. Qxe4 Qe6 30. Nd2 Nf5 31. g4 Ne3 32. g5 Nxf1 33.
Rxf1 Ra1+ 34. Kb2 Ra4 35. gxh6 Qxh6 36. f4 Rb4+ 37. Kc2 Rxf4 38. Qd5+ Kh7
39. Qxc5 Qg6+ 0-1

[Event "Golden Cleopatra Open"]
[Site "Cairo EGY"]
[Date "2001.05.05"]
[Round "4"]
[White "Fominyh,A"]
[Black "Adly,A"]
[Result "1-0"]
[WhiteElo "2571"]
[BlackElo "2209"]
[EventDate "2001.05.02"]

1. d4 d5 2. Nf3 Nf6 3. c4 e6 4. g3 Nbd7 5. Bg2 Be7 6. O-O O-O 7. Qc2 Ne4 8.
b3 f5 9. Ba3 c6 10. Bxe7 Qxe7 11. Nbd2 g5 12. Ne1 Qg7 13. e3 Kh8 14. Nd3 h5
15. Nf3 Qh6 16. Nfe5 g4 17. Kh1 h4 18. gxh4 Kg7 19. f3 Qxh4 20. fxe4 Rh8
21. Kg1 Qxh2+ 22. Kf2 Rh3 23. Ke1 Rxe3+ 24. Kd1 dxe4 25. Nf4 Nxe5 26. dxe5
Qh6 27. Qd2 Rg3 28. Kc2 e3 29. Qd8 Qh2 30. Qf6+ Kg8 31. Rad1 Rxg2+ 32. Nxg2
Qxg2+ 33. Kc3 1-0

[Event "Golden Cleopatra Open"]
[Site "Cairo EGY"]
[Date "2001.05.05"]
[Round "4"]
[White "Surjadnji,A"]
[Black "Sarwat,W"]
[Result "1/2-1/2"]
[WhiteElo "2431"]
[BlackElo "2356"]
[EventDate "2001.05.02"]

1. d4 Nf6 2. c4 e6 3. Nc3 Bb4 4. e3 b6 5. Bd3 Bb7 6. Nf3 O-O 7. O-O Bxc3 8.
bxc3 d6 9. Nd2 e5 10. e4 Re8 11. f3 Nc6 12. Nb3 a5 13. a4 h6 14. Be3 Ba6
15. Qd2 exd4 16. cxd4 Nb4 17. d5 Nxd3 18. Qxd3 Nd7 19. Bd4 Rc8 20. Rfc1 Qg5
21. Qd2 Qg6 22. Qf4 Rf8 23. g4 Rce8 24. Qf5 Re7 25. Qxg6 fxg6 26. Nd2 g5
27. Kg2 Rff7 28. Rab1 Bc8 29. Kf2 Nf8 30. Ke3 Ng6 31. Bxb6 cxb6 32. Rxb6
Rf6 33. c5 dxc5 34. Rxf6 gxf6 35. Rxc5 Bb7 36. Rxa5 Nf4 37. Kd4 Rc7 38. Ra7
Ne2+ 39. Ke3 Nc1 40. Kd4 Ne2+ 41. Ke3 Nf4 42. Nb1 Rf7 43. Ra5 Kf8 44. Nc3
Ng6 45. Nb5 Rd7 46. Ra7 Ne7 47. Nd4 Nc8 48. Ra5 Nd6 49. Ne6+ Ke7 50. Kd4
Bc8 51. Nc5 Rc7 52. Ra8 Nf7 53. Rb8 Ne5 54. Rb3 Ra7 55. h3 Bd7 56. Ra3 Bb5
57. a5 Be2 58. a6 Kd6 59. Nb7+ Kc7 60. Rc3+ Kb8 61. Nc5 Bxa6 62. Rb3+ Kc7
63. Ne6+ Kc8 64. Ra3 Kb8 65. f4 gxf4 66. Nxf4 Bf1 67. Rxa7 Kxa7 68. Kc5 Nf3
69. Kd6 Ng5 70. Ke7 Nxe4 71. d6 Bb5 72. d7 Bxd7 73. Kxd7 Kb6 74. Ke6 Kc5
75. Kf5 Kd4 76. Kg6 Ke5 77. Nd3+ Kd4 78. Nf4 Ke5 1/2-1/2